banner koha

Espécies de restinga conhecidas pela comunidade do Pântano do Sul, Florianópolis, Santa Catarina, Brasil (Registro n. 328443)

MARC details
000 -LÍDER
fixed length control field 03819nab a2200289 i 4500
003 - CÓDIGO MARC DA AGÊNCIA CATALOGADORA
Campo de controle BR-BrBNA
005 - DATA E HORA DA ÚLTIMA ATUALIZAÇÃO
Campo de controle 20241105153955.0
008 - CAMPO DE TAMANHO FIXO
fixed length control field 241105b2008 bl.qr|pooa||| 00| 0 por |
040 ## - FONTE DA CATALOGAÇÃO
Agência catalogadora BR-BrBNA
Idioma da catalogação por
072 ## - CATEGORIA AGRIS
Código AGRIS F40
072 ## - CATEGORIA AGRIS
Código AGRIS F70
100 ## - ENTRADA PRINCIPAL - NOME PESSOAL
Nome pessoal Melo, Sara
100 ## - ENTRADA PRINCIPAL - NOME PESSOAL
Nome pessoal Lacerda, Victoria Duarte
100 ## - ENTRADA PRINCIPAL - NOME PESSOAL
Nome pessoal Hanazaki, Natalia
245 ## - TÍTULO PRINCIPAL
Título principal Espécies de restinga conhecidas pela comunidade do Pântano do Sul, Florianópolis, Santa Catarina, Brasil
500 ## - NOTA GERAL
Nota geral Publicação on-line; 39 ref.; 2 tables; 2 illus.; Summaries (En,Pt)
942 ## - ADDED ENTRY ELEMENTS (KOHA)
Koha item type Analítica
520 ## - NOTA DE RESUMO
Nota de conteúdo <br/><br/>RESUMO<br/><br/>(Espécies de restinga conhecidas pela comunidade do Pântano do Sul, Florianópolis, Santa Catarina, Brasil)<br/>O objetivo deste trabalho foi efetuar um estudo etnobotânico com ênfase em espécies de restinga, um<br/>ambiente frágil e ameaçado pela expansão urbana. O estudo foi realizado na comunidade do Pântano do Sul<br/>(Florianópolis, SC, Brasil), bairro com traços da cultura açoriana trazida por imigrantes das ilhas dos Açores<br/>durante o século 18. Foram utilizadas duas metodologias: entrevistas através de check list e entrevistas com<br/>informantes-chave em turnês guiadas. Na primeira foram realizadas 43 entrevistas com moradores selecionados<br/>ao acaso, compreendendo cerca de 20% das residências do bairro, sendo entrevistado um morador por residência,<br/>nas quais foram efetuadas perguntas sobre o conhecimento sobre 10 espécies previamente selecionadas. A<br/>segunda foi realizada através de listagem livre de espécies, percorrendo-se uma trilha na restinga, com cinco<br/>entrevistados separadamente; foram relacionados 69 nomes populares, 47 gêneros e 39 espécies identificadas,<br/>distribuídas em 31 famílias. As três categorias de uso mais citadas nas duas metodologias foram: medicinal,<br/>seguida por alimentar e artesanal. Verificou-se que a comunidade tem conhecimento sobre a utilização das<br/>plantas de restinga e que este conhecimento está concentrado principalmente entre as pessoas mais idosas.<br/><br/>Palavras-chave: etnobotânica, restinga, Mata Atlântica, pescadores artesanais, açorianos.
520 ## - NOTA DE RESUMO
Nota de conteúdo <br/><br/>ABSTRACT<br/><br/>(“Restinga” species known by the Pântano do Sul local community, Florianópolis, Santa Catarina, Brasil)<br/>This paper aims the study of the ethnobotany of ‘restinga’ species, a coastal sand dune vegetation endangered<br/>by urban expansion. The studied area was the Pântano do Sul community (Florianópolis, SC, Brazil), which<br/>was influenced by Azorean immigrants who settled down in the 18th century. Two methods have been used:<br/>checklist interviews, and key informer interviews during restinga trails. In the the first one, there were 43<br/>randomly selected inhabitants (about 20% of the area residences). One inhabitant per residence was interviewed<br/>regarding knowledge on 10 previously selected species. The second one involved a free listing of known<br/>species, during a ‘restinga’ trail with 5 selected interviewees; they reported 69 popular names, 47 genera, and<br/>39 identified species, distributed in 31 families. The three most cited used categories in both methods were for<br/>medicinal, feeding, and handicraft purposes. This research found that this community has knowledge on<br/>restinga plant use, mostly among the community elders.<br/><br/>Key words: ethnobotany, restinga, Atlantic Forest, artisanal fishers, Azorean.
650 ## - ASSUNTO - THESAGRO
Cabeçalho tópico ou nome geográfico ETNOBOTÂNICA
650 ## - ASSUNTO - THESAGRO
Cabeçalho tópico ou nome geográfico RESTINGA
650 ## - ASSUNTO - THESAGRO
Cabeçalho tópico ou nome geográfico MATA ATLÂNTICA
650 ## - ASSUNTO - THESAGRO
Cabeçalho tópico ou nome geográfico PESCADOR
773 0# - ENTRADA ANALÍTICA
Host Biblionumber 709
Registro do item 345945
Imprenta Rio de Janeiro-RJ Jardim Botanico do Rio de Janeiro 1935
Outro identificador 2024-6595
Título Rodriguésia (Brazil)
ISSN 0370-6583; 2175-7860 on-line
Colação v. 59(4) p. 799-812; (2008)
Número de controle de registro BR2024003302
856 ## - ACESSO E ENDEREÇO ELETRÔNICO
Identificador uniforme de recurso - URI https://www.scielo.br/j/rod/a/F8dBY3d3HpcMGs43scJGcPg/?format=pdf&lang=pt

Nenhum exemplar disponível.

BINAGRI

Telefone: (61)3218-2567/2388/3357/2097 - binagri@agro.gov.br

Ministério da Agricultura e Pecuária , Esplanada dos Ministérios, Bloco D, Anexo B, Brasília/DF, CEP: 70.043-900